| 000 | 00973nam a2200277Ia 4500 | ||
|---|---|---|---|
| 005 | 20220317000345.0 | ||
| 008 | 141031s9999 ck 000 0 spa d | ||
| 020 | _a9789583019333 | ||
| 100 | 1 | _aBauchau, Christiane | |
| 245 | 1 | 3 |
_aLa balada de los juguetes _cChristiane Bauchau ; ilustrado por Isabelle Borne ; traducción del francés Margarita Contreras Bothelo |
| 250 |
_a1 edición _b1a reimpresión |
||
| 300 |
_a89 páginas _bilustraciones _c17 cm. |
||
| 534 | _tLa balade des jouets | ||
| 650 | 1 | 4 |
_2LEMB _aCuentos infantiles belgas |
| 650 | 1 | 4 |
_2LEMB _aLiteratura belga |
| 650 | 1 | 4 |
_2LEMB _aJuguetes en la literatura |
| 700 | 1 |
_aBorne, Isabelle _eilustrador _917922 |
|
| 700 | 1 |
_aContreras, Margarita _etraductor _917923 |
|
| 942 |
_2loc _cBKINF |
||
| 264 |
_aBogotá _bPanamericana _c2011 |
||
| 336 |
_atexto _btxt _2rdacontent |
||
| 337 |
_asin mediación _bn _2rdamedia |
||
| 338 |
_avolumen _bnc _2rdacarrier |
||
| 040 |
_aCO-BoRNBP _bspa _erda _cCO-BoRNBP |
||
| 084 | _aC BAU1 | ||
| 999 |
_c3819 _d3819 |
||